The dawn of world redemption : (Record no. 4539)
[ view plain ]
| 000 -LEADER | |
|---|---|
| fixed length control field | 00964cam a22002891i 4500 |
| 001 - CONTROL NUMBER | |
| control field | 7439398 |
| 003 - CONTROL NUMBER IDENTIFIER | |
| control field | GBCCL |
| 005 - DATE AND TIME OF LATEST TRANSACTION | |
| control field | 20241126110520.0 |
| 008 - FIXED-LENGTH DATA ELEMENTS--GENERAL INFORMATION | |
| fixed length control field | 800429s1951 enk b 001 0 eng |
| 010 ## - | |
| -- | 52027049 |
| 015 ## - | |
| -- | GB51-15492 |
| 035 ## - SYSTEM CONTROL NUMBER | |
| System control number | (OCoLC)6260890 |
| 040 ## - CATALOGING SOURCE | |
| Original cataloging agency | DLC |
| Transcribing agency | MoKMB |
| Modifying agency | Uk |
| -- | DLC |
| 042 ## - | |
| -- | premarc |
| 050 00 - | |
| -- | BT155 |
| -- | .S283 1951 |
| 082 ## - DEWEY DECIMAL CLASSIFICATION NUMBER | |
| Classification number | 231 |
| Item number | SAU |
| 100 1# - MAIN ENTRY--PERSONAL NAME | |
| Personal name | Sauer, Erich. |
| 9 (RLIN) | 4259 |
| 245 14 - TITLE STATEMENT | |
| Title | The dawn of world redemption : |
| Remainder of title | a survey of historical revelation in the Old Testament / |
| Statement of responsibility, etc. | by Erich Sauer ; Translated by G. H. Lang ; with a foreword by F. F. Bruce. |
| 260 ## - PUBLICATION, DISTRIBUTION, ETC. | |
| Place of publication, distribution, etc. | London : |
| Name of publisher, distributor, etc. | Paternoster Press |
| Date of publication, distribution, etc. | 1951 |
| 300 ## - PHYSICAL DESCRIPTION | |
| Extent | 206 p. ; |
| Dimensions | 22 cm. |
| 500 ## - GENERAL NOTE | |
| General note | Translated from the German. |
| 504 ## - BIBLIOGRAPHY, ETC. NOTE | |
| Bibliography, etc. note | Includes bibliographical references and index. |
| 650 #0 - SUBJECT ADDED ENTRY--TOPICAL TERM | |
| Topical term or geographic name entry element | Covenant theology. |
| 9 (RLIN) | 2347 |
| 650 #0 - SUBJECT ADDED ENTRY--TOPICAL TERM | |
| Topical term or geographic name entry element | Sermons |
| Form subdivision | Outlines, syllabi, etc. |
| 9 (RLIN) | 1462 |
| 906 ## - LOCAL DATA ELEMENT F, LDF (RLIN) | |
| a | 7 |
| b | cbc |
| c | oclcrpl |
| d | u |
| e | ncip |
| f | 19 |
| g | y-gencatlg |
| 942 ## - ADDED ENTRY ELEMENTS (KOHA) | |
| Source of classification or shelving scheme | Dewey Decimal Classification |
| Koha item type | Books |
| Withdrawn status | Lost status | Source of classification or shelving scheme | Damaged status | Not for loan | Home library | Current Library | Shelving location | Date acquired | Total checkouts | Full call number | Barcode | Date last seen | Copy number | Price effective from | Koha item type |
|---|---|---|---|---|---|---|---|---|---|---|---|---|---|---|---|
| Dewey Decimal Classification | GRACE BIBLE COLLEGE | GRACE BIBLE COLLEGE | Theology | 2018-01-24 | 231 SAU | 005319 | 2025-05-01 | c.1 | 2018-01-24 | Books |